Seconde guerre mondiale - Statistiques

Statistiques générales
  • Ce quiz a été pris 77 fois
  • Le résultat moyen est 13 sur 20
Statistiques - réponses
Définition réponse % Correct
Ville qui fut le Siège du gouvernement français de 1940 à 1944 Vichy
95%
Région ou à eu lieu le débarquement Normandie
92%
Base navale américaine attaquée par le Japon en 1941 Pearl Harbor
89%
Dirigeant de l'état de 1940 à 1944 Pétain|Philippe Pétain
89%
Personnes qui luttaient contre l'occupant nazie en France Résistants|Résistant
89%
Résistant français mort en 1943 après avoir été torturé par les nazis, connu sous le nom de code Rex Jean Moulin|Moulin
86%
Pays ou se situait les camps de concentrations Pologne
83%
Premier ministre anglais durant la guerre Churchill
82%
Milice d'élite nazie SS
78%
Police politique nazie Gestapo
65%
Arrestation massive de juifs à Paris en juillet 1942 Rafle du Vel' d'H'iv|Vel'd'Hiv
63%
Nom du plus grand camps de concentration\extermination Auschwitz
62%
Média sur lequel Charles de Gaulle s'est exprimer lors de l'appel du 18 juin Radio
58%
Nuit de violences contre les Juifs en Allemagne et en Autriche, 9–10 novembre 1938 Nuit de Cristal
51%
Population, autre que les juifs persécutée par les nazis Tziganes
48%
Nom donné au régime nazi Reich|Troisième Reich
37%
Lois raciales nazies de 1935 établissant la persécution et la discrimination des Juifs Lois de Nuremberg|Nuremberg
32%
Quartier surveillé ou les Juifs étaient enfermés par les nazis Ghettos
29%
Nom donné aux gens qui cachait des juifs pour leur éviter l'arrestation Justes|Les Justes
26%
Pacte signé par l'Allemagne et l'URSS garantissant une non-agression mutuelle Germano-Soviétique
17%
Aucun quiz correspondant
Distribution des résultats
% des personnes avec chaque résultat
Percentile par nombre de réponses
Votre historique - résultats
Vous n’avez pas pris ce quiz